[Event "Titled Tuesday intern op 13th Dec Late"]
[Site "Chess.com INT"]
[Date "2022.12.13"]
[Round "5"]
[White "De Vjunior, Liduino Furtado"]
[Black "Mikhalsky, Vladimir"]
[Result "0-1"]
[WhiteElo "2064"]
[BlackElo "2269"]
[PlyCount "136"]
[EventDate "2022.12.13"]
[EventType "swiss (blitz)"]
[EventRounds "11"]
[EventCountry "USA"]
[SourceTitle "EXT 2024"]
[Source "ChessBase"]
[SourceDate "2023.10.10"]
[SourceVersion "1"]
[SourceVersionDate "2023.10.10"]
[SourceQuality "1"]

1. e4 c5 2. Nf3 Nc6 3. d4 cxd4 4. Nxd4 Nf6 5. Nxc6 bxc6 6. Bd3 d5 7. Nd2 e5 8. 0-0 Bd6 9. c4 d4 10. Qc2 0-0 11. c5 Be7 12. Nf3 Nd7 13. b4 a5 14. b5 f6 15. Ba3 cxb5 16. Bxb5 Ba6 17. Qc4+ Kh8 18. Bxa6 Nxc5 19. Bxc5 Bxc5 20. Qxc5 Rxa6 21. Rfd1 Qd6 22. Rac1 Rb8 23. Nh4 g6 24. Qc4 Kg7 25. Qc7+ Qxc7 26. Rxc7+ Kh6 27. g3 Rb2 28. f4 exf4 29. gxf4 Rxa2 30. Rb1 Kh5 31. Rxh7+ Kg4 32. Nxg6 Rc6 33. Kh1 Rcc2 34. Rg1+ Kf3 35. e5 fxe5 36. fxe5 d3 37. Rh3+ Ke4 38. e6 d2 39. e7 Rc8 40. Rh5 Re8 41. Re5+ Kd3 42. Nf4+ Kd4 43. Re6 Rc2 44. Rd1 Rc1 45. Ne2+ Kd5 46. Nxc1 Kxe6 47. Rxd2 Rxe7 48. Re2+ Kf7 49. Rxe7+ Kxe7 50. Kg2 Kf6 51. Kf3 Kg5 52. Nd3 a4 53. Ke3 Kh4 54. Nf2 a3 55. Kd2 a2 56. Ke3 a1Q 57. Kf3 Qf6+ 58. Kg2 Qg5+ 59. Kh1 Qd5+ 60. Kg1 Kg5 61. Kf1 Kf4 62. h3 Kf3 63. Kg1 Qd4 64. Kh1 Qxf2 65. h4 Qg3 66. h5 Kf2 67. h6 Kf1 68. h7 Qh3# 0-1

[Event "Titled Tuesday intern op 13th Dec Late"]
[Site "Chess.com INT"]
[Date "2022.12.13"]
[Round "6"]
[White "Dias, Joao Batista de Sou"]
[Black "De Vjunior, Liduino Furtado"]
[Result "1-0"]
[WhiteElo "1796"]
[BlackElo "2064"]
[PlyCount "85"]
[EventDate "2022.12.13"]
[EventType "swiss (blitz)"]
[EventRounds "11"]
[EventCountry "USA"]
[SourceTitle "EXT 2024"]
[Source "ChessBase"]
[SourceDate "2023.10.10"]
[SourceVersion "1"]
[SourceVersionDate "2023.10.10"]
[SourceQuality "1"]

1. e4 e6 2. d4 d5 3. Nd2 Nf6 4. e5 Nfd7 5. c3 c5 6. f4 Nc6 7. Ngf3 Be7 8. Nb3 0-0 9. Be3 b6 10. Be2 f6 11. 0-0 fxe5 12. fxe5 a5 13. Qd2 a4 14. Nc1 cxd4 15. cxd4 Ba6 16. Nd3 Na5 17. Nf4 Bxe2 18. Qxe2 Rxf4 19. Bxf4 Nf8 20. Qd3 Ng6 21. Be3 Nc4 22. Bc1 b5 23. Rb1 Qd7 24. b3 axb3 25. axb3 Na5 26. Bd2 Nc6 27. g3 Ra2 28. Rf2 Qb7 29. h4 Qb6 30. Be3 Nb4 31. Qc3 Rxf2 32. Bxf2 Nc6 33. Rc1 Nd8 34. Qc8 h6 35. Ne1 Qa5 36. Nd3 Qd2 37. Qc2 Qa5 38. Nc5 Nf8 39. Be1 Qb6 40. b4 Nc6 41. Qc3 Bxc5 42. bxc5 Qc7 43. Ra1 1-0

[Event "Florianopolis op 8th"]
[Site "Florianopolis"]
[Date "2022.01.29"]
[Round "8"]
[White "De Vjunior, Liduino Furtado"]
[Black "De Oliveira, Marlon Joshua"]
[Result "0-1"]
[WhiteElo "2097"]
[BlackElo "1824"]
[PlyCount "112"]
[EventDate "2022.01.24"]
[EventType "swiss"]
[EventRounds "10"]
[EventCountry "BRA"]
[SourceTitle "EXT 2023"]
[Source "ChessBase"]
[SourceDate "2022.10.05"]
[SourceVersion "1"]
[SourceVersionDate "2022.10.05"]
[SourceQuality "1"]

1. d4 Nf6 2. Nf3 g6 3. e3 Bg7 4. b4 d5 5. Be2 0-0 6. 0-0 b6 7. Bb2 Bb7 8. a4 Nbd7 9. a5 a6 10. Nbd2 c5 11. axb6 cxb4 12. c3 a5 13. cxb4 axb4 14. Qb3 Qxb6 15. Rfb1 Rxa1 16. Bxa1 Ra8 17. Ne5 Nxe5 18. dxe5 Nd7 19. Bd4 Qa5 20. f4 Ba6 21. Ra1 Qxa1+ 22. Bxa1 Bxe2 23. Bd4 e6 24. Qxb4 Bf8 25. Qb7 Ra2 26. Qxd7 Rxd2 27. Qc8 Kg7 28. f5 gxf5 29. Qd8 h6 30. Qf6+ Kg8 31. h3 Bh5 32. Qd8 Kg7 33. Qh4 Bg6 34. Bb6 Kh7 35. Bd8 Bg7 36. Bf6 Re2 37. Qd4 Rc2 38. Qa7 Rc4 39. Kf2 Re4 40. Qe7 f4 41. exf4 Rxf4+ 42. Ke3 Re4+ 43. Kf3 d4 44. Bxg7 Kxg7 45. Qf6+ Kh7 46. g4 Re3+ 47. Kg2 Be4+ 48. Kh2 Rf3 49. Qd8 d3 50. g5 Rf2+ 51. Kg3 Rf3+ 52. Kg4 h5+ 53. Kxh5 Bf5 54. g6+ Bxg6+ 55. Kg5 Rf5+ 56. Kh4 Rxe5 0-1

[Event "Florianopolis op 8th"]
[Site "Florianopolis"]
[Date "2022.01.28"]
[Round "7"]
[White "Souza, Atahander"]
[Black "De Vjunior, Liduino Furtado"]
[Result "1-0"]
[WhiteElo "1867"]
[BlackElo "2097"]
[PlyCount "67"]
[EventDate "2022.01.24"]
[EventType "swiss"]
[EventRounds "10"]
[EventCountry "BRA"]
[SourceTitle "CBM 206 Extra"]
[Source "ChessBase"]
[SourceDate "2022.03.31"]
[SourceVersion "1"]
[SourceVersionDate "2022.03.31"]
[SourceQuality "1"]

1. b3 d5 2. e3 Bf5 3. Bb2 e6 4. f4 Nf6 5. Nf3 h6 6. Be2 Nbd7 7. 0-0 Be7 8. d3 c5 9. Qe1 Qb6 10. Nc3 a6 11. Qg3 Nh5 12. Qf2 Nhf6 13. Qg3 Rg8 14. Kh1 c4 15. Na4 Qxe3 16. Bd4 Qxe2 17. Rf2 Nh5 18. Rxe2 Nxg3+ 19. hxg3 cxd3 20. cxd3 Bxd3 21. Re3 Bb5 22. Nc3 Bc6 23. f5 Nc5 24. Ne5 Kf8 25. Rf1 Be8 26. Ng6+ fxg6 27. fxg6+ Bf7 28. Rxf7+ Ke8 29. Nxd5 Bg5 30. Nc7+ Kd8 31. Nxa8 Bxe3 32. Bxe3 Nd7 33. Nb6 Ne5 34. Rxb7 1-0

[Event "Macapa Platon Memorial"]
[Site "Macapa"]
[Date "2019.11.17"]
[Round "5"]
[White "Quaresma, Givanildo Ribeiro"]
[Black "De Vjunior, Liduino Furtado"]
[Result "0-1"]
[WhiteElo "1643"]
[BlackElo "2114"]
[PlyCount "44"]
[EventDate "2019.11.15"]
[EventType "swiss"]
[EventRounds "5"]
[EventCountry "BRA"]
[SourceTitle "EXT 2021"]
[Source "ChessBase"]
[SourceDate "2020.10.23"]
[SourceVersion "1"]
[SourceVersionDate "2020.10.23"]
[SourceQuality "1"]

1. c4 f5 2. Nc3 g6 3. d4 Nf6 4. Nf3 Bg7 5. g3 d6 6. Bg2 0-0 7. Ng5 h6 8. Nf3 Qe8 9. 0-0 c6 10. Re1 Qf7 11. b3 Ne4 12. Bb2 Nd7 13. Qc2 Ndf6 14. h3 Bd7 15. Nd2 e5 16. dxe5 dxe5 17. Ndxe4 Nxe4 18. Nxe4 fxe4 19. e3 Kh7 20. Re2 h5 21. Rd2 Bf5 22. Kh2 Rad8 0-1

[Event "Cuiaba Contaud op"]
[Site "Cuiaba"]
[Date "2019.06.02"]
[Round "6"]
[White "De Vjunior, Liduino Furtado"]
[Black "Duailibe, Ricardo Miguel"]
[Result "1-0"]
[WhiteElo "2111"]
[BlackElo "1828"]
[PlyCount "53"]
[EventDate "2019.05.31"]
[EventType "swiss"]
[EventRounds "6"]
[EventCountry "BRA"]
[SourceTitle "EXT 2020"]
[Source "ChessBase"]
[SourceDate "2019.10.17"]
[SourceVersion "1"]
[SourceVersionDate "2019.10.17"]
[SourceQuality "1"]

1. e4 c5 2. Nf3 e6 3. d4 cxd4 4. Nxd4 a6 5. Bd3 Qc7 6. 0-0 Nc6 7. Nxc6 bxc6 8. Nd2 d5 9. c4 Nf6 10. Qc2 Bd6 11. Nf3 dxe4 12. Bxe4 Nxe4 13. Qxe4 Bb7 14. c5 Bxc5 15. Bf4 Bd6 16. Bxd6 Qxd6 17. Rfd1 Qc7 18. Ne5 0-0 19. Rd7 Qb6 20. Nc4 Qa7 21. Rad1 Qb8 22. R1d3 Bc8 23. Rd8 Qb5 24. Rxf8+ Kxf8 25. a3 Qc5 26. Qxh7 Bb7 27. Rd7 1-0

[Event "Florianopolis op 5th"]
[Site "Florianopolis"]
[Date "2019.01.22"]
[Round "3"]
[White "Jodorcovsky Werjivker, Paulo"]
[Black "De Vjunior, Liduino Furtado"]
[Result "1/2-1/2"]
[WhiteElo "2259"]
[BlackElo "2052"]
[PlyCount "99"]
[EventDate "2019.01.21"]
[EventType "swiss"]
[EventRounds "10"]
[EventCountry "BRA"]
[SourceTitle "CBM 188 Extra"]
[Source "ChessBase"]
[SourceDate "2019.02.26"]
[SourceVersion "1"]
[SourceVersionDate "2019.02.26"]
[SourceQuality "1"]

1. d4 d5 2. Nf3 c6 3. e3 Bg4 4. c4 e6 5. Qb3 Qb6 6. Qxb6 axb6 7. Ne5 Bf5 8. Nc3 dxc4 9. Bxc4 Nf6 10. f3 h6 11. e4 Bh7 12. Be3 Bb4 13. 0-0 b5 14. Bb3 Nbd7 15. Nxd7 Nxd7 16. Rac1 0-0 17. a3 Ba5 18. Rfd1 Bb6 19. Bf2 Nf6 20. d5 Bxf2+ 21. Kxf2 exd5 22. exd5 Rfd8 23. dxc6 bxc6 24. Ne2 Rxd1 25. Bxd1 Rd8 26. Rxc6 Bg6 27. Bc2 Rd2 28. Bxg6 fxg6 29. b4 Ra2 30. Rc5 Rxa3 31. Rxb5 g5 32. Rc5 g4 33. Nd4 gxf3 34. gxf3 Rd3 35. Nc6 Rd2+ 36. Kg1 Kf7 37. Rc1 Rb2 38. Ne5+ Ke6 39. Nd3 Rd2 40. Nf2 g5 41. Rc4 Kf5 42. Rc5+ Ke6 43. Rc6+ Rd6 44. Rxd6+ Kxd6 45. Ng4 h5 46. Nxf6 Ke5 47. Nd7+ Kd6 48. Nc5 g4 49. fxg4 hxg4 50. Kf2 1/2-1/2

[Event "Amapa-ch 12th"]
[Site "Macapa"]
[Date "2017.12.30"]
[Round "10.2"]
[White "Miranda, Luiz Paula"]
[Black "De Vjunior, Liduino Furtado"]
[Result "1/2-1/2"]
[WhiteElo "1994"]
[BlackElo "2045"]
[PlyCount "91"]
[EventDate "2017.12.22"]
[EventType "tourn"]
[EventRounds "10"]
[EventCountry "BRA"]
[SourceTitle "EXT 2022"]
[Source "ChessBase"]
[SourceDate "2021.10.06"]
[SourceVersion "1"]
[SourceVersionDate "2021.10.06"]
[SourceQuality "1"]

1. d4 Nf6 2. Bf4 e6 3. c4 b6 4. Nc3 Bb4 5. f3 c5 6. Bd6 Nc6 7. a3 cxd4 8. axb4 dxc3 9. bxc3 Ne7 10. e4 0-0 11. c5 Bb7 12. cxb6 axb6 13. Rxa8 Bxa8 14. b5 Ne8 15. Bb4 d6 16. Ne2 Qc7 17. Ng3 f5 18. Bd3 fxe4 19. fxe4 Ng6 20. Qd2 Ne5 21. Be2 Bb7 22. Rf1 Rxf1+ 23. Kxf1 d5 24. Qf4 Qf7 25. Qxf7+ Kxf7 26. exd5 Bxd5 27. Kf2 Nf6 28. h3 Bc4 29. Bxc4 Nxc4 30. Ke2 Nd5 31. Kd3 Nb2+ 32. Kc2 Nxb4+ 33. Kxb2 Nd3+ 34. Kb3 Nf4 35. c4 Ke7 36. c5 bxc5 37. Ne4 Nxg2 38. b6 Kd8 39. Kc4 Ne3+ 40. Kxc5 Nf5 41. Kc6 Kc8 42. b7+ Kb8 43. Nc5 Ne7+ 44. Kd7 Nd5 45. Nxe6 Kxb7 46. Nxg7 1/2-1/2

[Event "Amapa-ch 12th"]
[Site "Macapa"]
[Date "2017.12.29"]
[Round "9.2"]
[White "De Vjunior, Liduino Furtado"]
[Black "De Souza Monteiro, Marcos Paulo"]
[Result "1-0"]
[WhiteElo "2045"]
[BlackElo "1985"]
[PlyCount "97"]
[EventDate "2017.12.22"]
[EventType "tourn"]
[EventRounds "10"]
[EventCountry "BRA"]
[SourceTitle "EXT 2022"]
[Source "ChessBase"]
[SourceDate "2021.10.06"]
[SourceVersion "1"]
[SourceVersionDate "2021.10.06"]
[SourceQuality "1"]

1. e4 c6 2. d4 d5 3. e5 Bf5 4. Nc3 e6 5. g4 Bg6 6. Nge2 c5 7. f4 Qh4+ 8. Ng3 a6 9. f5 exf5 10. Nxd5 Qd8 11. dxc5 fxg4 12. b4 Nc6 13. Bf4 Nge7 14. c4 Nxb4 15. Nxb4 Qa5 16. Qd2 Rd8 17. Nd3 Qxd2+ 18. Kxd2 Nc6 19. Rd1 Bxc5 20. Ke1 Bd4 21. Bg2 Bc3+ 22. Ke2 Nd4+ 23. Kf2 Ne6 24. Be4 0-0 25. Be3 Nd4 26. Bxb7 h5 27. Bd5 Nf3 28. Nf4 Kh7 29. Nxg6 fxg6 30. e6 Rb8 31. Ke2 Rb2+ 32. Kd3 Bf6 33. Bxf3 gxf3 34. Bd4 Rb7 35. Ne4 Bh4 36. Bc5 Rfb8 37. Ke3 f2 38. Nxf2 Rb2 39. Ne4 Re8 40. Rd2 Rbb8 41. Rd6 Ra8 42. Rb1 Rec8 43. Rd7 Rc6 44. Rbb7 Rg8 45. Bd6 Rxc4 46. Bg3 Bd8 47. Rxd8 Rxd8 48. Ng5+ Kg8 49. Be5 1-0

[Event "Amapa-ch 12th"]
[Site "Macapa"]
[Date "2017.12.20"]
[Round "2.1"]
[White "Teles, Elder De Oliveira"]
[Black "De Vjunior, Liduino Furtado"]
[Result "0-1"]
[WhiteElo "1891"]
[BlackElo "2044"]
[PlyCount "70"]
[EventDate "2017.12.22"]
[EventType "tourn"]
[EventRounds "10"]
[EventCountry "BRA"]
[SourceTitle "EXT 2022"]
[Source "ChessBase"]
[SourceDate "2021.10.06"]
[SourceVersion "1"]
[SourceVersionDate "2021.10.06"]
[SourceQuality "1"]

1. d4 d5 2. Bg5 h6 3. Bh4 c5 4. e3 g5 5. Bg3 Bg7 6. Bb5+ Nc6 7. Nc3 a6 8. Bxc6+ bxc6 9. dxc5 Qa5 10. Nge2 Bg4 11. f3 Bd7 12. 0-0 Qxc5 13. Bf2 e5 14. f4 e4 15. Nd4 Nf6 16. Nb3 Qa7 17. Qd4 Qxd4 18. Nxd4 gxf4 19. exf4 Ng4 20. Nb3 Nxf2 21. Rxf2 f5 22. Rd1 0-0 23. Nc5 Bc8 24. N3a4 Rb8 25. c3 Rf6 26. c4 Rd6 27. cxd5 cxd5 28. Re2 d4 29. Nb3 Be6 30. Nac5 Bxb3 31. Nxb3 d3 32. Re3 Rxb3 33. axb3 Bd4 34. Kf2 Rc6 35. Rd2 Rc2 0-1

[Event "Macapa Villa Nova Shopping Etapa 5"]
[Site "Macapa"]
[Date "2017.06.28"]
[Round "4.1"]
[White "Teles, Elder De Oliveira"]
[Black "De Vjunior, Liduino Furtado"]
[Result "0-1"]
[WhiteElo "1817"]
[BlackElo "2054"]
[PlyCount "68"]
[EventDate "2017.06.23"]
[EventType "swiss"]
[EventRounds "5"]
[EventCountry "BRA"]
[SourceTitle "EXT 2022"]
[Source "ChessBase"]
[SourceDate "2021.10.06"]
[SourceVersion "1"]
[SourceVersionDate "2021.10.06"]
[SourceQuality "1"]

1. d4 d5 2. c4 c6 3. cxd5 cxd5 4. Nc3 Nc6 5. Nf3 a6 6. Bg5 h6 7. Bh4 g5 8. Bg3 Bg7 9. e3 Nf6 10. Be2 Bg4 11. Ne5 Bxe2 12. Qxe2 Rc8 13. 0-0 e6 14. f4 Nxe5 15. fxe5 Nd7 16. Qf3 0-0 17. Qg4 Qe7 18. e4 Rc4 19. Qd1 dxe4 20. Nxe4 Nxe5 21. b3 Rxd4 22. Qe2 Ng6 23. Rac1 Nf4 24. Bxf4 gxf4 25. Rxf4 f5 26. Nc5 Rc8 27. Rxf5 Qd6 28. Rff1 Rxc5 29. Rxc5 Qxc5 30. Qxe6+ Kh7 31. Kh1 Qd5 32. Qh3 Rd1 33. Rg1 Rxg1+ 34. Kxg1 Qd1+ 0-1

[Event "Macapa Villa Nova Shopping Etapa 5"]
[Site "Macapa"]
[Date "2017.06.26"]
[Round "1.1"]
[White "De Vjunior, Liduino Furtado"]
[Black "Da Silva Lima, Jerrinaldo"]
[Result "1-0"]
[WhiteElo "2054"]
[BlackElo "1679"]
[PlyCount "51"]
[EventDate "2017.06.23"]
[EventType "swiss"]
[EventRounds "5"]
[EventCountry "BRA"]
[SourceTitle "EXT 2022"]
[Source "ChessBase"]
[SourceDate "2021.10.06"]
[SourceVersion "1"]
[SourceVersionDate "2021.10.06"]
[SourceQuality "1"]

1. e4 c5 2. Nf3 d6 3. d4 cxd4 4. Nxd4 e5 5. Ne2 Nf6 6. Nbc3 a6 7. h3 Be7 8. g4 Be6 9. Bg2 Nc6 10. Be3 Rc8 11. f4 Qc7 12. 0-0 h5 13. g5 Nh7 14. h4 Bg4 15. Nd5 Qa5 16. Bf3 Be6 17. Bb6 Qb5 18. Nec3 Qxb2 19. Rb1 Qa3 20. Rb3 Qxb3 21. axb3 Bd8 22. f5 Bd7 23. Bxd8 Kxd8 24. Nb6 Rc7 25. Qxd6 f6 26. Ncd5 1-0

[Event "Belem FEXPA U2200 op 1st"]
[Site "Belem"]
[Date "2017.05.20"]
[Round "4"]
[White "De Vjunior, Liduino Furtado"]
[Black "Souza, Neurismar da Rocha"]
[Result "1-0"]
[WhiteElo "2060"]
[BlackElo "1727"]
[PlyCount "59"]
[EventDate "2017.05.19"]
[EventType "swiss"]
[EventRounds "6"]
[EventCountry "BRA"]
[SourceTitle "EXT 2018"]
[Source "ChessBase"]
[SourceDate "2017.10.13"]
[SourceVersion "1"]
[SourceVersionDate "2017.10.13"]
[SourceQuality "1"]

1. e4 e5 2. Nf3 Nc6 3. d4 exd4 4. Nxd4 Nxd4 5. Qxd4 c5 6. Qa4 Be7 7. c4 Qc7 8. Nc3 Nf6 9. f4 0-0 10. e5 Ne8 11. Nd5 Qd8 12. Be3 d6 13. 0-0-0 Bd7 14. Qb3 b6 15. g3 Be6 16. Bg2 Bxd5 17. Rxd5 Nc7 18. Rd2 Rb8 19. exd6 Bxd6 20. Rhd1 Qe7 21. Rxd6 Rfd8 22. Rxd8+ Rxd8 23. Rxd8+ Qxd8 24. Qc3 Qe7 25. Qe5 Qd7 26. Bd5 h6 27. b3 Na6 28. Be4 Kf8 29. f5 Nb4 30. f6 1-0

[Event "American Continental 10th"]
[Site "Praia da Pipa"]
[Date "2014.10.19"]
[Round "3"]
[White "De Vjunior, Liduino Furtado"]
[Black "Camara, Jose Arruda"]
[Result "1-0"]
[WhiteElo "2106"]
[BlackElo "1905"]
[PlyCount "65"]
[EventDate "2014.10.18"]
[EventType "swiss"]
[EventRounds "11"]
[EventCountry "BRA"]
[SourceTitle "EXT 2015"]
[Source "ChessBase"]
[SourceDate "2014.11.20"]
[SourceVersion "1"]
[SourceVersionDate "2014.11.20"]
[SourceQuality "1"]

1. e4 e6 2. d4 d5 3. Nc3 Nf6 4. Bg5 Be7 5. e5 Nfd7 6. h4 a6 7. Qg4 Kf8 8. 0-0-0 c5 9. f4 cxd4 10. Rxd4 Nc6 11. Rd2 h6 12. Bxe7+ Nxe7 13. Nf3 b5 14. Bd3 Nc5 15. Rhd1 b4 16. Ne2 Qa5 17. Kb1 Bd7 18. Nfd4 Bb5 19. f5 exf5 20. Nxf5 Nxf5 21. Bxf5 Bxe2 22. Qxe2 g6 23. Bh3 Re8 24. Rxd5 Qc7 25. Qc4 Ne6 26. Qf1 Rh7 27. Rd6 Kg8 28. Bxe6 fxe6 29. Qxa6 Rhe7 30. Qb6 Qc4 31. Qd4 Qe2 32. b3 Qxg2 33. Rg1 1-0